Statistiques concernant Gentilés nationaux d'Afrique H/F

Cliquez ici pour prendre le quiz!

Statistiques générales

  • Ce quiz a été pris 86 fois
  • Le résultat moyen est 88 sur 108

Statistiques - réponses

PaysGentilé% Correct
AlgérieAlgérien
100%
CamerounCamerounais
100%
ÉgypteÉgyptien
100%
Côte d'IvoireIvoirien
100%
ÉthiopieÉthiopien
99%
GabonGabonais
97%
AngolaAngolais
96%
République du Congo | République démocratique
du Congo
Congolais
96%
GambieGambien
96%
MadagascarMalgache
96%
MarocMarocain
96%
NamibieNamibien
96%
SomalieSomalien
96%
SoudanSoudanais
96%
ComoresComorien
95%
LibyeLibyen
95%
MaliMalien
95%
MauritanieMauritanien
95%
SénégalSénégalais
95%
Afrique du SudSud-Africain
95%
BéninBéninois
94%
GuinéeGuinéen
94%
Île MauriceMauricien
94%
RwandaRwandais / Ruandais
94%
TunisieTunisien
94%
NigerNigérien
92%
OugandaOugandais
92%
TanzanieTanzanien
92%
ZambieZambien
92%
République CentrafricaineCentrafricain
91%
NigeriaNigérian
91%
Soudan du SudSud-Soudanais / Sudsoudanais
91%
Cap-VertCap-Verdien / Capverdien
90%
LiberiaLibérien
90%
TchadTchadien
90%
AlgérieAlgérienne
88%
GhanaGhanéen
88%
KenyaKényan
88%
Burkina FasoBurkinabè / Burkinabé
87%
Burkina FasoBurkinabè / Burkinabée
87%
DjiboutiDjiboutien
86%
ÉrythréeÉrythréen
86%
TogoTogolais
86%
BotswanaBotswanais / Botswanéen
85%
Afrique du SudSud-Africaine
85%
MarocMarocaine
83%
AngolaAngolaise
82%
BurundiBurundais
82%
CamerounCamerounaise
82%
ÉgypteÉgyptienne
82%
GambieGambienne
82%
ZimbabweZimbabwéen
82%
République du Congo | République démocratique
du Congo
Congolaise
81%
ÉthiopieÉthiopienne
81%
GabonGabonaise
81%
Côte d'IvoireIvoirienne
81%
MaliMalienne
81%
MauritanieMauritanienne
81%
NamibieNamibienne
81%
SoudanSoudanaise
81%
TanzanieTanzanienne
81%
TunisieTunisienne
81%
BéninBéninoise
79%
GuinéeGuinéenne
79%
LibyeLibyenne
79%
NigeriaNigériane
79%
SénégalSénégalaise
79%
SomalieSomalienne
79%
Soudan du SudSud-Soudanaise / Sudsoudanaise
79%
ZambieZambienne
79%
ComoresComorienne
78%
MalawiMalawite / Malawien
78%
Île MauriceMauricienne
78%
NigerNigérienne
78%
RwandaRwandaise / Ruandaise
78%
SeychellesSeychellois
78%
République CentrafricaineCentrafricaine
77%
OugandaOugandaise
77%
TchadTchadienne
77%
EswatiniEswatini / Swatinien
76%
GhanaGhanéenne
76%
KenyaKényane
76%
LiberiaLibérienne
76%
Cap-VertCap-Verdienne / Capverdienne
74%
ÉrythréeÉrythréenne
74%
TogoTogolaise
74%
MalawiMalawite / Malawienne
73%
DjiboutiDjiboutienne
72%
Sierra LeoneSierra-Léonais / Sierra-Léonien / Sierraléonais
72%
ZimbabweZimbabwéenne
72%
BotswanaBotswanaise / Botswanéenne
68%
SeychellesSeychelloise
68%
BurundiBurundaise
67%
LesothoLésothien / Lesothan
64%
EswatiniEswatinienne / Swatinienne
63%
Sierra LeoneSierra-Léonaise / Sierra-Léonienne / Sierraléonaise
60%
Guinée-BissauBissau-Guinéen / Bissaoguinéen / Bissao-Guinéen
56%
LesothoLésothienne / Lesothane
55%
Guinée-BissauBissau-Guinéenne / Bissaoguinéenne / Bissao-Guinéenne
54%
MozambiqueMozambicain
54%
MozambiqueMozambicaine
49%
Guinée équatorialeÉquatoguinéen / Équato-Guinéen
46%
Guinée équatorialeÉquatoguinéenne / Équato-Guinéenne
44%
Sao Tomé-et-PrincipeSantoméen
21%
Sao Tomé-et-PrincipeSantoméenne
21%

Distribution des résultats

Percentile par nombre de réponses

% des personnes avec chaque résultat

Votre développement - résultats

Vous n’avez pas pris ce quiz